Loading...
The queer suture (Stitch)
| Hovedforfatter: | |
|---|---|
| Format: | Journal Article |
| Udgivet: |
Malayalam Research Journal 5 (2),
2012
|
| LEADER | 00357nam a22001097a 4500 | ||
|---|---|---|---|
| 100 | |a Sangitha Viswanathan |9 19614 | ||
| 245 | |a The queer suture (Stitch) | ||
| 260 | |b Malayalam Research Journal 5 (2), |c 2012 | ||
| 300 | |a p.1563-1571 |b 5 (2), May-August 2012 | ||
| 942 | |c JA | ||
| 999 | |c 74047 |d 74047 | ||
| 952 | |0 0 |1 0 |4 0 |7 0 |9 66009 |a MGUL |b MGUL |d 2015-08-10 |l 0 |r 2015-08-10 |w 2015-08-10 |y JA | ||